000 00471nam a2200193Ia 4500
005 20240823033146.0
008 240823s9999||||xx |||||||||||||| ||und||
020 _a978-93-81335-10-9
041 _aENGLISH
082 _A338.5 Q2
100 _aD D Chaturvedi
245 0 _aprinciples of micro Economics
250 _aIst
260 _c2012
_bInternational book
500 _aYES
650 _aMicroeconomics
_bManagement Studies
942 _cBK
999 _c195153
_d195153